[Event "Chicago Open"]
[Site "Wheeling"]
[Date "2013.05.24"]
[Round "3.9"]
[White "Finegold, Benjamin"]
[Black "Kleinman, Michael"]
[Result "1/2-1/2"]
[WhiteElo "2505"]
[BlackElo "2302"]
[PlyCount "86"]
[EventDate "2013.05.??"]
[EventType "swiss"]
[EventRounds "9"]
[EventCountry "USA"]
[Source "MonRoi"]

1. d4 Nf6 2. c4 g6 3. Nc3 d5 4. e3 Bg7 5. Qb3 e6 6. Qa3 Nc6 7. Nf3 Ne7 8. Bd2
O-O 9. Bd3 dxc4 10. Bxc4 b6 11. O-O Bb7 12. Be2 Qd6 13. b4 Ned5 14. Nxd5 Bxd5
15. Rfd1 Ne4 16. Bc1 c5 17. bxc5 bxc5 18. Bb2 Rfb8 19. Rac1 cxd4 20. Qxd6 Nxd6
21. Bxd4 Bxd4 22. Nxd4 Rb2 23. a4 Ra2 24. Ra1 Rxa1 25. Rxa1 Rc8 26. Nb5 Nxb5
27. axb5 e5 28. f3 Rc7 29. Kf2 Kf8 30. h4 Be6 31. g4 h6 32. f4 exf4 33. exf4
Ke7 34. Ke3 Kf6 35. Ra6 Ke7 36. f5 gxf5 37. gxf5 Bxf5 38. Rxh6 Be6 39. Rh8 Bc4
40. Ra8 Bxe2 41. Kxe2 Rb7 42. Kf3 Kf6 43. Kf4 Rxb5 1/2-1/2

[Event "Chicago Open"]
[Site "Wheeling"]
[Date "2013.05.24"]
[Round "3.10"]
[White "Shivaji, Shivkumar"]
[Black "Friedel, Joshua"]
[Result "0-1"]
[WhiteElo "2272"]
[BlackElo "2485"]
[PlyCount "104"]
[EventDate "2013.05.??"]
[EventType "swiss"]
[EventRounds "9"]
[EventCountry "USA"]
[Source "MonRoi"]

1. d4 Nf6 2. c4 e6 3. g3 c5 4. d5 exd5 5. cxd5 d6 6. Bg2 g6 7. Nf3 Bg7 8. O-O
O-O 9. Nc3 a6 10. a4 Re8 11. Bf4 Nh5 12. Bg5 Qc7 13. Rc1 Nd7 14. b4 Qb6 15.
bxc5 Nxc5 16. Bd2 Qb3 17. Be3 Rxe3 18. fxe3 Qxd1 19. Nxd1 a5 20. Nd4 Bd7 21.
Nb5 Bxb5 22. axb5 a4 23. Nc3 Nb3 24. Na2 Nxc1 25. Rxc1 Ra5 26. Rc4 Nf6 27. e4
Ng4 28. Bh3 h5 29. Rb4 a3 30. Bxg4 hxg4 31. Kf2 Be5 32. Kg2 Kf8 33. h3 gxh3+
34. Kxh3 Ke8 35. g4 Kd7 36. Kg2 Ra8 37. Rb3 Bd4 38. Rf3 Ke7 39. Rd3 Bc5 40. Rc3
b6 41. Rh3 Ra4 42. Kf3 Rc4 43. Rh1 Rc2 44. Ra1 Kf6 45. e3 g5 46. Kg3 Re2 47.
Rf1+ Kg6 48. Nc1 Rxe3+ 49. Rf3 Rxe4 50. Nb3 a2 51. Nxc5 a1=Q 52. Nxe4 Qe5+ 0-1

[Event "Chicago Open"]
[Site "Wheeling"]
[Date "2013.05.24"]
[Round "3.11"]
[White "Diamant, Andre"]
[Black "Balasubramanian, Adithya"]
[Result "1/2-1/2"]
[WhiteElo "2479"]
[BlackElo "2295"]
[PlyCount "80"]
[EventDate "2013.05.??"]
[EventType "swiss"]
[EventRounds "9"]
[EventCountry "USA"]
[Source "MonRoi"]

1. e4 e5 2. Nf3 Nc6 3. Bb5 a6 4. Ba4 Nf6 5. d3 b5 6. Bb3 Be7 7. O-O O-O 8. a4
b4 9. Re1 d6 10. Nbd2 Bg4 11. h3 Bh5 12. c3 Rb8 13. Bc4 Qc8 14. a5 Nd8 15. Nf1
c6 16. Ng3 Bg6 17. d4 d5 18. Bd3 exd4 19. exd5 bxc3 20. Bxg6 hxg6 21. Rxe7 cxb2
22. Bxb2 Rxb2 23. Qxd4 Rb5 24. d6 Ne6 25. Qa7 Nd5 26. Ne4 Nxe7 27. dxe7 Re8 28.
Nd6 Qc7 29. Qxc7 Nxc7 30. Nxe8 Nxe8 31. Nd4 Rc5 32. Rb1 f6 33. Rb8 Kf7 34. Ra8
Rxa5 35. Nxc6 Ra1+ 36. Kh2 g5 37. g4 Ra3 38. Kg2 Ra1 39. Kf3 Ra3+ 40. Kg2 Ra1
1/2-1/2

[Event "Chicago Open"]
[Site "Wheeling"]
[Date "2013.05.24"]
[Round "3.12"]
[White "Preotu, Razvan"]
[Black "Krush, Irina"]
[Result "0-1"]
[WhiteElo "2221"]
[BlackElo "2470"]
[PlyCount "126"]
[EventDate "2013.05.??"]
[EventType "swiss"]
[EventRounds "9"]
[EventCountry "USA"]
[Source "MonRoi"]

1. e4 c5 2. Nf3 Nc6 3. d4 cxd4 4. Nxd4 Nf6 5. Nc3 d6 6. Bg5 e6 7. Qd2 a6 8.
O-O-O h6 9. Be3 Qc7 10. f3 Rb8 11. g4 Ne5 12. Bd3 b5 13. Kb1 b4 14. Nce2 d5 15.
Bf4 Bd6 16. h4 dxe4 17. Bxe5 Bxe5 18. fxe4 Nxg4 19. Rhg1 h5 20. Nc6 O-O 21.
Nxb8 Qxb8 22. Rdf1 g6 23. Qg5 Bg7 24. Ng3 Qd6 25. Ne2 Qc7 26. Rxg4 hxg4 27. Rg1
Qe5 28. Qxe5 Bxe5 29. Rxg4 Kg7 30. h5 Rh8 31. hxg6 Rh1+ 32. Rg1 Rxg1+ 33. Nxg1
fxg6 34. b3 Kf6 35. Kc1 Bc3 36. Kd1 Ke5 37. Ke2 Kf4 38. Nh3+ Kg3 39. Ng5 Bf6
40. Nf7 e5 41. Nd6 Bg4+ 42. Ke1 a5 43. Nc4 Kh2 44. Nxa5 Bd7 45. Nc4 g5 46. Ne3
g4 47. Bb5 Bh4+ 48. Kd1 Bxb5 49. Nxg4+ Kg3 50. Nxe5 Bf6 51. Nf7 Bb2 52. e5 Kf2
53. Kd2 Bc3+ 54. Kc1 Bd7 55. Kb1 Ke2 56. Nd6 Be6 57. Nc4 Bd4 58. Nb2 Bxe5 59.
Nd3 Bd6 60. Kb2 Kd2 61. Kb1 Bf5 62. Kb2 Bxd3 63. cxd3 Kxd3 0-1

[Event "Chicago Open"]
[Site "Wheeling"]
[Date "2013.05.24"]
[Round "3.13"]
[White "Izoria, Zviad"]
[Black "Greanias, Steven"]
[Result "1-0"]
[WhiteElo "2585"]
[BlackElo "2132"]
[PlyCount "63"]
[EventDate "2013.05.??"]
[EventType "swiss"]
[EventRounds "9"]
[EventCountry "USA"]
[Source "MonRoi"]

1. e4 c5 2. Nf3 e6 3. d4 cxd4 4. Nxd4 a6 5. Bd3 Qb6 6. c3 Nc6 7. O-O Nf6 8.
Nxc6 bxc6 9. e5 Nd5 10. Nd2 Qc7 11. Nc4 Bb7 12. Bg5 h6 13. Bh4 Nb6 14. Nxb6
Qxb6 15. Qh5 Be7 16. Bxe7 Kxe7 17. Qg4 Rag8 18. Rad1 c5 19. Bc4 g5 20. Rd6 Qxb2
21. Qd1 Rd8 22. Qd3 Bc6 23. Rb1 Qa3 24. Rd1 Qa5 25. h3 h5 26. Qe3 Rhg8 27. g3
Rb8 28. Be2 Rb2 29. Bxh5 Rxa2 30. Rxc6 dxc6 31. Qf3 Rg6 32. Bxg6 1-0

[Event "Chicago Open"]
[Site "Wheeling"]
[Date "2013.05.24"]
[Round "3.16"]
[White "Sharevich, Anna"]
[Black "Amanov, Mesgen"]
[Result "1/2-1/2"]
[WhiteElo "2265"]
[BlackElo "2510"]
[PlyCount "81"]
[EventDate "2013.05.??"]
[EventType "swiss"]
[EventRounds "9"]
[EventCountry "USA"]
[Source "MonRoi"]

1. d4 d5 2. c4 e6 3. Nf3 Nf6 4. g3 dxc4 5. Bg2 a6 6. O-O Nc6 7. e3 Bd7 8. Qe2
b5 9. Bd2 Be7 10. b3 cxb3 11. axb3 O-O 12. Rc1 Re8 13. Ne5 Nxe5 14. Bxa8 Qxa8
15. dxe5 Ne4 16. f3 Nc5 17. Ra3 Bc6 18. e4 Nd7 19. Ra2 Nxe5 20. Bf4 Bd6 21. Nd2
Bb7 22. b4 Rd8 23. Bxe5 Bxe5 24. Nb3 Qa7+ 25. Kg2 Qb6 26. Nc5 Bc8 27. Nd3 Bd4
28. Rac2 Be3 29. Rc6 Qd4 30. R1c3 e5 31. Ne1 Bg5 32. f4 Qd2 33. Qxd2 Rxd2+ 34.
Kf3 Bd8 35. Ke3 Rd7 36. Nd3 exf4+ 37. gxf4 Bb7 38. R6c5 f6 39. Rh5 Re7 40. Nc5
Bc8 41. Rd5 1/2-1/2

[Event "Chicago Open"]
[Site "Wheeling"]
[Date "2013.05.24"]
[Round "3.18"]
[White "Gurevich, Dmitry"]
[Black "Aaron, Deepak"]
[Result "1-0"]
[WhiteElo "2492"]
[BlackElo "2257"]
[PlyCount "91"]
[EventDate "2013.05.??"]
[EventType "swiss"]
[EventRounds "9"]
[EventCountry "USA"]
[Source "MonRoi"]

1. Nf3 d5 2. c4 c6 3. e3 Nf6 4. Nc3 Nbd7 5. Qc2 e6 6. b3 Be7 7. d4 b6 8. Be2
Bb7 9. O-O O-O 10. Bb2 Rc8 11. Rad1 Qc7 12. Ne5 b5 13. Nxd7 Qxd7 14. c5 Bd8 15.
b4 a5 16. a3 Ne8 17. Nb1 f5 18. Nd2 a4 19. Nf3 Bc7 20. Ne5 Qe7 21. Bd3 Nf6 22.
f3 g6 23. h3 Qg7 24. Rd2 Nd7 25. f4 Nf6 26. g4 Ne4 27. Rg2 Qh6 28. Rf3 Bxe5 29.
dxe5 Kf7 30. gxf5 gxf5 31. Bxe4 fxe4 32. Rfg3 Ke7 33. Rg7+ Rf7 34. f5 Qxe3+ 35.
Qf2 Qxf2+ 36. Kxf2 Rcf8 37. f6+ Ke8 38. Rxf7 Rxf7 39. Bc1 Bc8 40. Bh6 Kd7 41.
Ke3 Kd8 42. Rg8+ Kd7 43. h4 Bb7 44. h5 Bc8 45. Kd4 Bb7 46. Bg7 1-0

[Event "Chicago Open"]
[Site "Wheeling"]
[Date "2013.05.24"]
[Round "3.24"]
[White "Colas, Joshua"]
[Black "Felecan, Florin"]
[Result "1/2-1/2"]
[WhiteElo "2201"]
[BlackElo "2375"]
[PlyCount "95"]
[EventDate "2013.05.??"]
[EventType "swiss"]
[EventRounds "9"]
[EventCountry "USA"]
[Source "MonRoi"]

1. e4 d6 2. d4 g6 3. Nc3 Bg7 4. Be3 Nf6 5. f3 O-O 6. Bc4 e6 7. Bb3 d5 8. exd5
exd5 9. Qd2 c6 10. O-O-O b5 11. g4 Re8 12. Bh6 Bh8 13. h4 Nbd7 14. h5 Nb6 15.
hxg6 fxg6 16. Bg5 a5 17. a4 bxa4 18. Nxa4 Ra7 19. Ne2 Ba6 20. Nf4 Nxa4 21. Bxa4
Bb5 22. Bxb5 cxb5 23. Rde1 Rxe1+ 24. Rxe1 b4 25. Re5 h6 26. Rxd5 Rd7 27. Rxd7
Qxd7 28. Bxh6 Qf7 29. Kb1 b3 30. cxb3 Nd5 31. Nxd5 Qxd5 32. Qg5 Qd6 33. f4 Kh7
34. Qc5 Qe6 35. Bg5 Qxb3 36. f5 Qd1+ 37. Bc1 Qxg4 38. fxg6+ Qxg6+ 39. Ka1 a4
40. d5 Qf5 41. Ka2 Bg7 42. Qc4 Bf8 43. Qh4+ Kg6 44. Qg3+ Kf6 45. Qg8 Ke7 46.
Bd2 Kd7 47. Bc3 a3 48. Qe6+ 1/2-1/2

[Event "Chicago Open"]
[Site "Wheeling"]
[Date "2013.05.24"]
[Round "3.27"]
[White "Homa, Seth"]
[Black "Schmakel, Sam"]
[Result "1/2-1/2"]
[WhiteElo "2307"]
[BlackElo "2192"]
[PlyCount "111"]
[EventDate "2013.05.??"]
[EventType "swiss"]
[EventRounds "9"]
[EventCountry "USA"]
[Source "MonRoi"]

1. e4 e5 2. Nf3 Nc6 3. Bb5 a6 4. Bxc6 dxc6 5. O-O Bg4 6. h3 h5 7. d3 Qf6 8. Be3
Bxf3 9. Qxf3 Qxf3 10. gxf3 Bd6 11. Nd2 Ne7 12. Rfb1 g5 13. Kf1 f6 14. b4 Kf7
15. a4 Ng6 16. Nc4 Rhb8 17. Na5 Ne7 18. Rb3 Ke6 19. Ke2 Kd7 20. Nc4 Ng6 21. c3
Rg8 22. Rbb1 b6 23. Rd1 Ke6 24. Rab1 Be7 25. a5 b5 26. Nd2 Rad8 27. Nb3 Rd7 28.
d4 Rgd8 29. Rg1 Kf7 30. Rbd1 exd4 31. Nxd4 Rd6 32. Rc1 Bf8 33. Rgd1 Ke8 34. c4
bxc4 35. Rxc4 Ne5 36. Rcc1 Rb8 37. Nc2 Rxd1 38. Rxd1 Nc4 39. Bd4 Kf7 40. Bc3
Bd6 41. Kd3 Ne5+ 42. Bxe5 fxe5 43. Rg1 Kf6 44. Rc1 Ke6 45. Ne3 Kd7 46. Rg1 Be7
47. Nf5 Rxb4 48. Nxe7 Kxe7 49. Rxg5 Rb5 50. Rxh5 Rxa5 51. Kc4 Kd6 52. Rh6+ Kd7
53. Rh7+ Kd6 54. Rh6+ Kd7 55. Rh7+ Kd6 56. Rh6+ 1/2-1/2

[Event "Chicago Open"]
[Site "Wheeling"]
[Date "2013.05.24"]
[Round "3.29"]
[White "Chiang, Jonathan"]
[Black "Santarius, Erik"]
[Result "0-1"]
[WhiteElo "2079"]
[BlackElo "2292"]
[PlyCount "108"]
[EventDate "2013.05.??"]
[EventType "swiss"]
[EventRounds "9"]
[EventCountry "USA"]
[Source "MonRoi"]

1. e4 e5 2. Nf3 Nc6 3. Bc4 Bc5 4. c3 Bb6 5. Bb3 d6 6. d3 h6 7. Nbd2 f5 8. Nc4
Nf6 9. Nxb6 axb6 10. h3 g5 11. Nd2 Qe7 12. Bc2 Be6 13. a4 Rd8 14. Qe2 d5 15.
Rb1 O-O 16. b4 fxe4 17. dxe4 d4 18. Bb2 Qf7 19. b5 Na5 20. Nf3 Bc4 21. Bd3 dxc3
22. Bxc4 Qxc4 23. Qxc4+ Nxc4 24. Bxc3 Nxe4 25. Bb4 Rf7 26. O-O Ned2 27. Nxd2
Nxd2 28. Rfd1 Rfd7 29. Bxd2 Rxd2 30. Re1 R2d5 31. Re4 Kf7 32. Kh2 Ke6 33. Rbe1
Rf8 34. Kg3 Rf4 35. Rxf4 gxf4+ 36. Kg4 Rd2 37. Rf1 Ra2 38. Kh5 Rxa4 39. Kxh6
Ra8 40. Kg7 Kf5 41. g4+ Kg5 42. f3 e4 43. fxe4 Re8 44. Re1 Re7+ 45. Kf8 Re5 46.
Kf7 c5 47. bxc6 bxc6 48. h4+ Kxg4 49. Kf6 Re8 50. e5 f3 51. Rf1 Kxh4 52. e6 Kg3
53. Kf7 Ra8 54. e7 Kg2 0-1

[Event "Chicago Open"]
[Site "Wheeling"]
[Date "2013.05.25"]
[Round "4.1"]
[White "Lenderman, Alex"]
[Black "So, Wesley"]
[Result "1/2-1/2"]
[WhiteElo "2585"]
[BlackElo "2705"]
[PlyCount "76"]
[EventDate "2013.05.??"]
[EventType "swiss"]
[EventRounds "9"]
[EventCountry "USA"]
[Source "MonRoi"]

1. Nf3 c5 2. c4 Nc6 3. Nc3 g6 4. e3 Nf6 5. d4 cxd4 6. exd4 d5 7. cxd5 Nxd5 8.
Qb3 e6 9. Bb5 Bg7 10. O-O O-O 11. Bxc6 bxc6 12. Rd1 Ba6 13. Ne5 Rb8 14. Qa3
Nxc3 15. bxc3 Bxe5 16. Qxa6 Qd7 17. Be3 Bd6 18. Rab1 Qc7 19. g3 Rb6 20. Rxb6
Qxb6 21. Qxb6 axb6 22. c4 Ra8 23. c5 bxc5 24. dxc5 Be5 25. Rb1 Kf8 26. Rb6 Ra7
27. Rxc6 Bc7 28. Kg2 Ke7 29. Bf4 Bxf4 30. gxf4 Kf6 {c4} 31. Rb6 Rxa2 32. Rb7
Rc2 33. Rc7 h6 {Qxa7 Qxc3} 34. h4 {Qc1 Kf2 Qxg5 Qxf7 c3 e5 c2 Qg6 Qxg6 hxg6
Kxg6 Ne7} Rc4 35. Kg3 Rc3+ 36. Kg2 Rc4 {Rc5 Ra7 Rxb5 Rxa2 Kf3 Kf5} 37. Kg3 {Ke6
} Rc3+ 38. Kg2 Rc4 1/2-1/2

[Event "Chicago Open"]
[Site "Wheeling"]
[Date "2013.05.25"]
[Round "4.3"]
[White "Robson, Ray"]
[Black "Holt, Conrad"]
[Result "1/2-1/2"]
[WhiteElo "2620"]
[BlackElo "2513"]
[PlyCount "176"]
[EventDate "2013.05.??"]
[EventType "swiss"]
[EventRounds "9"]
[EventCountry "USA"]
[Source "MonRoi"]

1. e4 e6 2. d4 d5 3. Nc3 Bb4 4. e5 c5 5. a3 Bxc3+ 6. bxc3 Ne7 7. Qg4 O-O 8. Bd3
Nbc6 9. Bg5 Qa5 10. Ne2 Ng6 11. O-O Qa4 12. f4 c4 13. Bxg6 fxg6 14. Rfc1 Bd7
15. h4 Rf5 16. h5 gxh5 17. Qxh5 h6 18. g4 Rf7 19. Kg2 Be8 20. Qh3 hxg5 21. f5
Nd8 22. Ng3 Rc8 23. Nh5 exf5 24. gxf5 Rc6 25. e6 Nxe6 26. fxe6 Re7 27. Ng3
Rcxe6 28. Qf5 Qd7 29. Rf1 Rf6 30. Qxg5 Rg6 31. Qf4 Re2+ 32. Rf2 Rxf2+ 33. Qxf2
Qg4 34. Qf3 Qe6 35. Rf1 Rf6 36. Qd1 Rh6 37. Rh1 Rxh1 38. Qxh1 Bg6 39. Qc1 Qg4
40. Kf2 Qh3 41. Qg5 Qh2+ 42. Kf1 Kh7 43. Ke1 Qh6 44. Qxd5 Qc1+ 45. Kf2 Qxc2+
46. Kg1 Qc1+ 47. Kf2 Qf4+ 48. Kg2 Qd2+ 49. Kf1 b5 50. Qh1+ Qh6 51. Qf3 a5 52.
Ne4 Qc1+ 53. Kg2 Qc2+ 54. Nf2 Qf5 55. Qg3 Bh5 56. Qe3 Bf7 57. Nh3 Bd5+ 58. Kh2
Bc6 59. Nf4 Be4 60. Qg3 Kg8 61. Nh3 Bc6 62. Ng5 g6 63. Qb8+ Qf8 64. Qg3 Qe7 65.
Qf4 Bd5 66. Nh3 Kg7 67. Nf2 Qf6 68. Qc7+ Qf7 69. Qe5+ Qf6 70. Qc7+ Kg8 71. Qb8+
Qf8 72. Qg3 Qh6+ 73. Kg1 Qc1+ 74. Kh2 Qh6+ 75. Kg1 Qc1+ 76. Kh2 Qe1 77. Qxg6+
Kf8 78. Qf6+ Ke8 79. Ng4 Qd2+ 80. Kg3 Qxc3+ 81. Kf4 Qf3+ 82. Kg5 Qe4 83. Qd6
Qg2 84. Kf6 Qf3+ 85. Kg5 Qg2 86. Qb8+ Ke7 87. Qc7+ Ke6 88. Qc8+ Ke7 1/2-1/2

[Event "Chicago Open"]
[Site "Wheeling"]
[Date "2013.05.25"]
[Round "4.6"]
[White "Yang, Darwin"]
[Black "Mikhalevski, Victor"]
[Result "0-1"]
[WhiteElo "2485"]
[BlackElo "2551"]
[PlyCount "36"]
[EventDate "2013.05.??"]
[EventType "swiss"]
[EventRounds "9"]
[EventCountry "USA"]
[Source "MonRoi"]

1. d4 Nf6 2. c4 g6 3. f3 e6 4. Nc3 d5 5. Bg5 h6 6. Bh4 c5 7. cxd5 cxd4 8. Qa4+
Nbd7 9. dxe6 dxc3 10. exd7+ Bxd7 11. Qd4 cxb2 12. Qxb2 g5 13. Qe5+ Be7 14. Bf2
O-O 15. Bd4 Rc8 16. Kf2 Rc6 17. e3 Re8 18. Bd3 Bf8 0-1

[Event "Chicago Open"]
[Site "Wheeling"]
[Date "2013.05.25"]
[Round "4.9"]
[White "Shabalov, Alexander"]
[Black "Xiong, Jeffery"]
[Result "0-1"]
[WhiteElo "2544"]
[BlackElo "2376"]
[PlyCount "72"]
[EventDate "2013.05.??"]
[EventType "swiss"]
[EventRounds "9"]
[EventCountry "USA"]
[Source "MonRoi"]

1. d4 Nf6 2. Nf3 e6 3. g3 b5 4. Bg2 Bb7 5. O-O c5 6. c3 Be7 7. a4 cxd4 8. cxd4
b4 9. Nbd2 O-O 10. Nb3 a5 11. Bf4 d6 12. Re1 Nbd7 13. Bg5 h6 14. Bxf6 Nxf6 15.
Nfd2 d5 16. Nc5 Bxc5 17. dxc5 Qe7 18. Nb3 Rfc8 19. Qd4 Bc6 20. Ra2 e5 21. Qd3
Bb7 22. Raa1 Ba6 23. Qe3 Bc4 24. Nd4 Rxc5 25. Nf5 Qc7 26. b3 Ba6 27. Rac1 Rc3
28. f4 Re8 29. Rxc3 bxc3 30. fxe5 Rxe5 31. Qf4 Qc5+ 32. Kf1 Rxe2 33. Rxe2 c2
34. Qc1 Ng4 35. Ke1 Qc3+ 36. Kf1 Qd3 0-1

[Event "Chicago Open"]
[Site "Wheeling"]
[Date "2013.05.25"]
[Round "4.10"]
[White "Young, Angelo"]
[Black "Kekelidze, Mikheil"]
[Result "1/2-1/2"]
[WhiteElo "2330"]
[BlackElo "2509"]
[PlyCount "96"]
[EventDate "2013.05.??"]
[EventType "swiss"]
[EventRounds "9"]
[EventCountry "USA"]
[Source "MonRoi"]

1. d4 d5 2. Nf3 Bf5 3. g3 e6 4. Bg2 h6 5. O-O Nd7 6. c4 c6 7. Nc3 Ngf6 8. Nd2
Be7 9. a3 O-O 10. Re1 c5 11. e3 dxc4 12. Nxc4 Rb8 13. a4 Nb6 14. Nxb6 Qxb6 15.
a5 Qa6 16. e4 Bg4 17. f3 cxd4 18. Qxd4 Rbc8 19. Qf2 Bc5 20. Be3 Bxe3 21. Qxe3
Bh5 22. g4 Bg6 23. Bf1 Qc6 24. Qxa7 h5 25. h3 hxg4 26. hxg4 Nd7 27. Qf2 Ne5 28.
Kg2 f5 29. Bb5 Qc5 30. Qxc5 Rxc5 31. gxf5 exf5 32. f4 Nc6 33. Bxc6 Rxc6 34. e5
Bf7 35. Rad1 Ra8 36. Kg3 Be6 37. Rd6 Rxa5 38. Rxc6 bxc6 39. Rd1 Kf7 40. Rd6 c5
41. Rb6 Ra1 42. Rb5 c4 43. Rb7+ Kf8 44. Rb8+ Ke7 45. Rb7+ Kf8 46. Nb5 Bd5 47.
Rb8+ Ke7 48. Nd6 g6 1/2-1/2

[Event "Chicago Open"]
[Site "Wheeling"]
[Date "2013.05.25"]
[Round "4.11"]
[White "Ishkhanov, Tigran"]
[Black "Finegold, Benjamin"]
[Result "0-1"]
[WhiteElo "2306"]
[BlackElo "2505"]
[PlyCount "68"]
[EventDate "2013.05.??"]
[EventType "swiss"]
[EventRounds "9"]
[EventCountry "USA"]
[Source "MonRoi"]

1. d4 Nf6 2. c4 c5 3. d5 e5 4. Nc3 d6 5. e4 Be7 6. g3 Nbd7 7. Bg2 Nf8 8. Nge2
Ng6 9. h3 h5 10. Be3 h4 11. g4 Nh7 12. Qd2 Bg5 13. f4 exf4 14. Nxf4 Ne5 15. b3
O-O 16. O-O Bd7 17. Nd1 b5 18. Nd3 Qe7 19. N1f2 f6 20. Nxe5 fxe5 21. Nd3 Bxe3+
22. Qxe3 a5 23. Nb2 bxc4 24. Nxc4 Bb5 25. Rxf8+ Nxf8 26. Na3 Ba6 27. Bf1 a4 28.
Bxa6 Rxa6 29. Nc2 axb3 30. axb3 Rxa1+ 31. Nxa1 Ng6 32. Nc2 Nf4 33. Kh2 Qa7 34.
Qc3 Qa6 0-1

[Event "Chicago Open"]
[Site "Wheeling"]
[Date "2013.05.25"]
[Round "4.16"]
[White "Amanov, Mesgen"]
[Black "Betaneli, Aleksandr"]
[Result "1/2-1/2"]
[WhiteElo "2510"]
[BlackElo "2245"]
[PlyCount "97"]
[EventDate "2013.05.??"]
[EventType "swiss"]
[EventRounds "9"]
[EventCountry "USA"]
[Source "MonRoi"]

1. d4 d5 2. c4 e6 3. Nc3 Be7 4. cxd5 exd5 5. Bf4 c6 6. e3 Bf5 7. Nge2 Nd7 8.
Ng3 Bg6 9. Rc1 Nb6 10. Be2 Nf6 11. h4 h6 12. h5 Bh7 13. Bd3 Bxd3 14. Qxd3 O-O
15. Nf5 Re8 16. Rh3 Bf8 17. Kf1 Qd7 18. f3 Nc4 19. Rc2 Nd6 20. Bxd6 Bxd6 21.
Re2 Rad8 22. e4 dxe4 23. fxe4 Nh7 24. Rf3 Ng5 25. Rff2 Bc5 26. Rd2 Qc7 27. Qe3
Bb4 28. Rf4 c5 29. d5 Qe5 30. Re2 Ba5 31. g3 c4 32. Rg4 Bxc3 33. bxc3 b5 34. d6
Kh7 35. Qxa7 Qxc3 36. Rxg5 Qc1+ 37. Kf2 Qxg5 38. Qxf7 c3 39. e5 c2 40. Qg6+
Qxg6 41. hxg6+ Kxg6 42. Ne7+ Rxe7 43. dxe7 Re8 44. Rxc2 Rxe7 45. Rc5 Ra7 46.
Rxb5 Rxa2+ 47. Kf3 Kf5 48. g4+ Ke6 49. Rb7 1/2-1/2

[Event "Chicago Open"]
[Site "Wheeling"]
[Date "2013.05.25"]
[Round "4.17"]
[White "Fishbein, Alexander"]
[Black "Colas, Joshua"]
[Result "1-0"]
[WhiteElo "2506"]
[BlackElo "2201"]
[PlyCount "83"]
[EventDate "2013.05.??"]
[EventType "swiss"]
[EventRounds "9"]
[EventCountry "USA"]
[Source "MonRoi"]

1. e4 e5 2. Nf3 Nc6 3. Bb5 a6 4. Ba4 Nf6 5. O-O Be7 6. Re1 b5 7. Bb3 d6 8. c3
O-O 9. d4 Bg4 10. Be3 Na5 11. dxe5 Bxf3 12. Qxf3 dxe5 13. Bc2 Nc4 14. Bc1 Qd7
15. b3 Nd6 16. Nd2 Qg4 17. Qxg4 Nxg4 18. Nf3 Rfe8 19. h3 Nh6 20. Nxe5 Bf6 21.
f4 Bxe5 22. fxe5 Rxe5 23. Bf4 Re6 24. e5 Nc8 25. Rad1 Nb6 26. g4 Kh8 27. c4
Rae8 28. c5 Nc8 29. Rd7 Ne7 30. Red1 Nc6 {c4} 31. Rxc7 Nxe5 32. Bf5 Nxf5 33.
gxf5 Nf3+ {Qxa7 Qxc3} 34. Kf2 {Qc1 Kf2 Qxg5 Qxf7 c3 e5 c2 Qg6 Qxg6 hxg6 Kxg6
Ne7} Re1 35. Rxe1 Nxe1 36. Rd7 Nc2 {Rc5 Ra7 Rxb5 Rxa2 Kf3 Kf5} 37. c6 {Ke6} Nb4
38. c7 Nc6 39. Rd6 Ne7 40. Rd8 Rg8 41. Bd6 Nc8 42. Bf8 1-0

[Event "Chicago Open"]
[Site "Wheeling"]
[Date "2013.05.25"]
[Round "4.18"]
[White "Shmelov, Denys"]
[Black "Preotu, Razvan"]
[Result "1-0"]
[WhiteElo "2431"]
[BlackElo "2221"]
[PlyCount "125"]
[EventDate "2013.05.??"]
[EventType "swiss"]
[EventRounds "9"]
[EventCountry "USA"]
[Source "MonRoi"]

1. d4 Nf6 2. c4 g6 3. Nc3 Bg7 4. e4 d6 5. Be2 O-O 6. Nf3 c5 7. d5 e6 8. O-O
exd5 9. cxd5 Bg4 10. Nd2 Bxe2 11. Qxe2 Re8 12. f3 Na6 13. Nc4 Nc7 14. Qd3 b5
15. Ne3 c4 16. Qc2 Nd7 17. Bd2 Nc5 18. Rad1 Rc8 19. Ne2 h5 20. b3 Na8 21. bxc4
Nb6 22. Bc1 Nxc4 23. Nxc4 bxc4 24. Kh1 Nd3 25. Be3 Qa5 26. Bd4 Bxd4 27. Nxd4
Qc5 28. Nc6 Nb4 29. Nxb4 Qxb4 30. Rd4 Qc5 {c4} 31. Qc3 Rc7 32. Rc1 Rec8 33. h3
Qb5 {Qxa7 Qxc3} 34. Rd2 {Qc1 Kf2 Qxg5 Qxf7 c3 e5 c2 Qg6 Qxg6 hxg6 Kxg6 Ne7} Rc5
35. Rdc2 Qa6 36. Qd4 R8c7 {Rc5 Ra7 Rxb5 Rxa2 Kf3 Kf5} 37. Kh2 {Ke6} Kh7 38. Qf6
Ra5 39. Qd8 Rc8 40. Qf6 Kg8 41. Rb1 Rb5 42. Rbc1 Ra5 43. Rxc4 Rxc4 44. Rxc4
Qxc4 45. Qd8+ Kg7 46. Qxa5 Qd4 47. Qe1 Qf6 48. h4 a5 49. a4 Kg8 50. Kh3 Qd8 51.
Qg3 Qe7 52. Kh2 Qd7 53. Qf4 Qe7 54. Qg5 Qe8 55. Qf6 Qd7 56. Kg3 Kh7 57. Kf4 Qc7
58. Kg5 Qc1+ 59. f4 Qc7 60. g3 Qa7 61. Qxd6 Qe3 62. Qe5 Qxg3+ 63. Kf6 1-0

[Event "Chicago Open"]
[Site "Wheeling"]
[Date "2013.05.25"]
[Round "4.19"]
[White "Troff, Kayden"]
[Black "Velikanov, Alexander"]
[Result "1-0"]
[WhiteElo "2421"]
[BlackElo "2210"]
[PlyCount "77"]
[EventDate "2013.05.??"]
[EventType "swiss"]
[EventRounds "9"]
[EventCountry "USA"]
[Source "MonRoi"]

1. d4 Nf6 2. c4 g6 3. Nc3 Bg7 4. Nf3 O-O 5. e4 d6 6. Be2 Na6 7. O-O e5 8. Be3
Ng4 9. Bg5 Qe8 10. c5 exd4 11. Nd5 Qxe4 12. Ne7+ Kh8 13. cxd6 cxd6 14. Nxc8
Raxc8 15. Nd2 Qe5 16. Bxg4 Qxg5 17. Bxc8 Rxc8 18. Qf3 Nc5 19. Rad1 Qe7 20. Rfe1
Qd7 21. Rc1 Rd8 22. Ne4 Ne6 23. Qa3 f5 24. Nd2 b6 25. Nf3 h6 26. Rcd1 g5 27.
Qb3 Re8 28. g3 Nc5 29. Qd5 Rxe1+ 30. Rxe1 d3 {c4} 31. b4 Ne4 32. Qxd3 d5 33.
Nd4 f4 {Qxa7 Qxc3} 34. f3 {Qc1 Kf2 Qxg5 Qxf7 c3 e5 c2 Qg6 Qxg6 hxg6 Kxg6 Ne7}
Nd6 35. Ne6 fxg3 36. hxg3 Nc4 {Rc5 Ra7 Rxb5 Rxa2 Kf3 Kf5} 37. Qg6 {Ke6} Ne5 38.
Qf5 Nc6 39. Nxg7 1-0

[Event "Chicago Open"]
[Site "Wheeling"]
[Date "2013.05.25"]
[Round "4.20"]
[White "Neimer, Vitaly"]
[Black "Bora, Safal"]
[Result "1-0"]
[WhiteElo "2420"]
[BlackElo "2195"]
[PlyCount "51"]
[EventDate "2013.05.??"]
[EventType "swiss"]
[EventRounds "9"]
[EventCountry "USA"]
[Source "MonRoi"]

1. e4 e6 2. d4 d5 3. Nd2 Nf6 4. e5 Nfd7 5. Bd3 c5 6. c3 Nc6 7. Ne2 cxd4 8. cxd4
f6 9. exf6 Qxf6 10. O-O Bd6 11. Nf3 h6 12. Ng3 O-O 13. Bb1 Rd8 14. a3 Nf8 15.
Re1 Bd7 16. b4 a6 17. Nh5 Qf7 18. Ne5 Nxe5 19. dxe5 Be7 20. Qg4 Kh8 21. Re3 Be8
22. Rh3 Nh7 23. Nf4 Ng5 24. Ng6+ Kg8 25. Bxg5 Bxg5 26. Qxg5 1-0

[Event "Chicago Open"]
[Site "Wheeling"]
[Date "2013.05.25"]
[Round "4.21"]
[White "Schmakel, Sam"]
[Black "Fernandez, Daniel"]
[Result "1/2-1/2"]
[WhiteElo "2192"]
[BlackElo "2396"]
[PlyCount "80"]
[EventDate "2013.05.??"]
[EventType "swiss"]
[EventRounds "9"]
[EventCountry "USA"]
[Source "MonRoi"]

1. d4 Nf6 2. c4 c5 3. d5 g6 4. Nc3 Bg7 5. e4 d6 6. h3 O-O 7. Nf3 e6 8. Bd3 exd5
9. exd5 Re8+ 10. Be3 Bh6 11. O-O Bxe3 12. fxe3 Qe7 13. e4 Nbd7 14. Rf2 Rf8 15.
Qd2 Ne8 16. a3 Kg7 17. b4 b6 18. Qb2 f6 19. Ne2 Ne5 20. Qc3 Kg8 21. Bc2 Bd7 22.
bxc5 dxc5 23. Nxe5 fxe5 24. Rxf8+ Kxf8 25. Rf1+ Kg8 26. Qg3 Nd6 27. Bd3 a6 28.
Qe3 Rc8 29. a4 Bxa4 30. Ra1 Bb3 {c4} 31. Rb1 Bxc4 32. Rxb6 Bb5 33. Bxb5 axb5 {
Qxa7 Qxc3} 34. Rc6 {Qc1 Kf2 Qxg5 Qxf7 c3 e5 c2 Qg6 Qxg6 hxg6 Kxg6 Ne7} Re8 35.
Qxc5 Nxe4 36. Qxb5 Rf8 {Rc5 Ra7 Rxb5 Rxa2 Kf3 Kf5} 37. Kh2 {Ke6} Qg5 38. Rc7
Nf6 39. Qc4 e4 40. d6+ Qd5 1/2-1/2